|
|
|
|
| LEADER |
00000nam a22000007a 4500 |
| 008 |
210121b ||||| |||| 00| 0 eng d |
| 020 |
|
|
|a 978-1-4462-4947-5
|
| 245 |
|
|
|a The ESSENTIALS of nursing and healthcare research
|c Ruth Taylor
|g x, 316p.; ill.
|
| 260 |
|
|
|b Sage
|c 2014
|h Los Angeles:
|i 693250
|i 693251
|l RT81.5 .Es7
|m Nursing – Research.
|m Medical care – Research.
|m Evidence-based nursing.
|
| 500 |
|
|
|a “It includes index.”
|
| 942 |
|
|
|a lcc
|c BK
|e Adeniran, F. A
|f 21/01/2021
|
| 952 |
|
|
|0 0
|1 0
|2 lcc
|4 0
|6 RT00815 E S7
|7 0
|9 1416
|a HOL
|b ML
|c QZ
|d 2021-01-21
|l 0
|o RT81.5 .Es7
|p 2021-0217
|r 2021-01-21 00:00:00
|w 2021-01-21
|y BK
|
| 952 |
|
|
|0 0
|1 0
|2 lcc
|4 0
|6 RT00815 E S7
|7 0
|9 1424
|a HOL
|b HOL
|c QZ
|d 2021-01-21
|l 0
|o RT81.5 .Es7
|p 2021-0225
|r 2021-01-21 00:00:00
|w 2021-01-21
|y BK
|
| 999 |
|
|
|c 739
|d 739
|